000 00270 a2200133 4500
001 155375
040 _cEscola São Tomás de Aquino
240 1 0 _aDinossauros
_lpor
245 1 0 _aDinossauros
362 0 _a1990
440 1 _aGlobo
697 _aCIÊNCIAS
942 _cBK
999 _c155375
_d155375